| 000 | 00000cas 2200000zi 4500 |
| 001 | 9.907768 |
| 003 | CaOODSP |
| 005 | 20251218102138 |
| 006 | m o d f |
| 007 | cr cn||||||||| |
| 008 | 220207c20109999oncar p|o f0###b0fre|d |
| 040 | |aCaOODSP|bfre|erda|cCaOODSP |
| 043 | |an-cn--- |
| 086 | 1 |aCR1-16/1F-PDF |
| 110 | 2 |aConseil de recherches en sciences humaines du Canada.|eauteur, |eorganisme de publication. |
| 245 | 10|aAnnexe à la Déclaration de responsabilité de la direction englobant le contrôle interne en matière de rapports financiers pour le Conseil de rechreches en sciences humaines du Canada pour l'exercice ... (non audité). |
| 264 | 1|a[Ottawa] : |bServices partagés Canada = Shared Services Canada, |c[2011]- |
| 310 | |aAnnuel |
| 336 | |atexte|btxt|2rdacontent/fre |
| 337 | |ainformatique|bc|2rdamedia/fre |
| 338 | |aressource en ligne|bcr|2rdacarrier/fre |
| 362 | 1 |aParaît depuis 2010/2011. |
| 500 | |aPublié aussi en anglais sous le titre : Annex to the Statement of Management Responsability including internal control over financial reporting of Social Sciences and Humanities Research Council of Canada for fiscal year ... (unaudited). |
| 588 | |aDescription d'après : 2010/2011. |
| 588 | |aDernière livraison consultée : 2020/2021. |
| 610 | 26|aConseil de recherches en sciences humaines du Canada |xCrédits budgétaires et dépenses |vPériodiques. |
| 650 | 6|aDépenses publiques|xPolitique gouvernementale|zCanada|vPériodiques. |
| 655 | 7|aPériodiques|2rvmgf |
| 775 | 08|tAnnex to the statement of management responsibility including internal control over financial reporting of Social Sciences and Humanities Research Council of Canada for the fiscal year ... (unaudited).|w(CaOODSP)9.907769 |